| 000 | 00410pab a2200145 454500 | ||
|---|---|---|---|
| 008 | 180718b1987 xxu||||| |||| 00| 0 eng d | ||
| 100 | _aLaffont, Jean Jacques | ||
| 245 | _aToward a normative theory of incentive contracts between government and private firms | ||
| 260 | _c1987 | ||
| 300 | _a17-31 | ||
| 362 | _a97 Conference | ||
| 650 | _aContracts, Government | ||
| 773 | _aEconomic Journal | ||
| 909 | _a6604 | ||
| 999 |
_c6604 _d6604 |
||